[Event "Torneo A"]
[Site "Corsico ITA"]
[Date "1994.04.23"]
[Round "2"]
[White "Ottolini, Graziano"]
[Black "Merlini, Osvaldo"]
[WhiteElo "1767"]
[BlackElo "1600"]
[Result "1-0"]
[PlyCount "91"]
[EventDate "1994.04.22"]

1. e4 c5 2. c3 Qa5 3. Nf3 e6 4. Be2 Nc6 5. O-O Nf6 6. e5 Ng4 7. d4 cxd4 8. cxd4
d6 9. h3 Nh6 10. Bxh6 gxh6 11. exd6 Bxd6 12. Nc3 a6 13. Qd2 Qh5 14. Ne4 Be7 15.
Ne5 Qh4 16. Bg4 Bb4 17. Qf4 Qe7 18. a3 Ba5 19. Nd6+ Qxd6 20. Qxf7+ Kd8 21. Qf6+
Qe7 22. Nxc6+ bxc6 23. Qxh8+ Kd7 24. Qe5 Bc7 25. Qe3 Bb7 26. Rfe1 Re8 27. Qxe6+
Qxe6 28. Rxe6 Rxe6 29. Re1 h5 30. Bxe6+ Kd6 31. Bg8 Bb6 32. Re6+ Kd7 33. d5 Bd4
34. dxc6+ Bxc6 35. Re2 Bb6 36. Bxh7 Bb5 37. Bd3 Kd6 38. Bxb5 axb5 39. Kh2 Kd5
40. Kg3 Kc4 41. Kh4 Kb3 42. Re5 Bxf2+ 43. Kxh5 Kc4 44. b3+ Kxb3 45. Rxb5+ Kxa3
46. g4 1-0

[Event "Torneo A"]
[Site "Corsico ITA"]
[Date "1994.04.24"]
[Round "3"]
[White "Basso, Lorenzo"]
[Black "Ottolini, Graziano"]
[WhiteElo "1600"]
[BlackElo "1767"]
[Result "1/2-1/2"]
[PlyCount "51"]
[EventDate "1994.04.22"]

1. d4 Nf6 2. Bg5 e6 3. e4 h6 4. Bxf6 Qxf6 5. Nf3 c5 6. e5 Qd8 7. d5 d6 8. Bc4
Qa5+ 9. Nc3 Qb4 10. Qd3 exd5 11. Bxd5 Be7 12. Qb5+ Nd7 13. Qxb4 cxb4 14. Nb5
O-O 15. exd6 Bf6 16. O-O Nb6 17. Rfd1 Nxd5 18. Rxd5 Be6 19. Rd2 Bxb2 20. Rb1
Bc3 21. Nxc3 bxc3 22. Rd3 b6 23. Rxc3 Rac8 24. Rd3 Rfd8 25. Rbd1 Bg4 26. R1d2
1/2-1/2

[Event "Torneo A"]
[Site "Corsico ITA"]
[Date "1994.04.24"]
[Round "4"]
[White "Ottolini, Graziano"]
[Black "Di Lorenzi, Leonardo"]
[WhiteElo "1767"]
[BlackElo "1567"]
[Result "1-0"]
[PlyCount "125"]
[EventDate "1994.04.22"]

1. e4 c5 2. c3 e6 3. Nf3 d6 4. d4 cxd4 5. cxd4 Nf6 6. Nc3 Be7 7. Bd3 Nc6 8. O-O
O-O 9. Bf4 Nxd4 10. Nxd4 e5 11. Be3 exd4 12. Bxd4 Bd7 13. Rc1 Bc6 14. Bb1 Qa5
15. Qd3 Qh5 16. f4 Ng4 17. h3 Nf6 18. Rce1 Nd7 19. g4 Qg6 20. Qg3 Qh6 21. g5
Qh5 22. Bd3 f6 23. h4 Nc5 24. Be2 Qe8 25. Bc4+ Kh8 26. Rf2 a6 27. Rg2 g6 28.
Nd5 Bxd5 29. exd5 Qd7 30. Rge2 Rae8 31. gxf6 Bxf6 32. Bxf6+ Kg8 33. Re7 Rxe7
34. Rxe7 Rxf6 35. Rxd7 Nxd7 36. Qg4 Nf8 37. Kg2 Kg7 38. Kg3 Rf5 39. Qe2 Rf7 40.
a4 Rc7 41. b4 Rf7 42. b5 axb5 43. Qb2+ Kg8 44. Qxb5 Re7 45. Qb6 Re4 46. Bb5 Rb4
47. Qxd6 Rb3+ 48. Kf2 Rb2+ 49. Ke3 Rb3+ 50. Kd4 Rb1 51. Qe7 Rd1+ 52. Kc5 h5 53.
d6 b6+ 54. Kxb6 Rd4 55. Kc5 Rxf4 56. d7 Nxd7+ 57. Bxd7 Rf1 58. Be6+ Kh8 59.
Qe8+ Kg7 60. Qg8+ Kf6 61. Qf7+ Ke5 62. Qxf1 Kxe6 63. Qf4 1-0

[Event "Torneo A"]
[Site "Corsico ITA"]
[Date "1994.04.25"]
[Round "5"]
[White "Turturici, Pellegrino"]
[Black "Di Lorenzi, Leonardo"]
[WhiteElo "1914"]
[BlackElo "1567"]
[Result "1-0"]
[PlyCount "47"]
[EventDate "1994.04.22"]

1. e4 e5 2. Nf3 Nc6 3. Bb5 a6 4. Ba4 Nf6 5. O-O b5 6. Bb3 Be7 7. Re1 Bb7 8. d4
Nxd4 9. Bxf7+ Kf8 10. Nxe5 Nxc2 11. Qxc2 d6 12. Nf3 Kxf7 13. Ng5+ Kg8 14. Qb3+
d5 15. e5 Nd7 16. Ne6 Qc8 17. Qg3 Bf8 18. Bh6 g6 19. Qf4 c5 20. Nxf8 Nxf8 21.
e6 Qxe6 22. Rxe6 Nxe6 23. Qf6 Re8 24. Nd2 1-0